Statistics for Random 'Top and Tail' Word Quiz - P

Click here to take the quiz!

General Stats

  • This quiz has been taken 65 times
  • The average score is 7 of 10

Answer Stats

HintLettersAnswer% Correct
Tale a furtive look4Peep
89%
Having a well filled-out, rounded or chubby shape5Plump
83%
Advert appearing suddenly on a computer screen (has hyphen)5Pop-up
83%
Mechanical device for moving fluid or gas4Pump
82%
Ceremonial elegance4Pomp
78%
Service area used during a Formula 1 race (has hyphen)7Pit-stop
71%
Image editing software from Adobe9Photoshop
67%
Soft, wet, shapeless mass of material4Pulp
67%
Bent wire used to hold sheets of paper together9Paperclip
64%
Rearmost and highest deck of a sailing ship4Poop
64%
Exercise where the body is lifted off the ground with the arms (has hyphen)6Push-up
62%
Whitish, edible root vegetable7Parsnip
60%
England's highest level football league11Premiership
56%
Small growth on the surface of a mucous membrane5Polyp
54%
Company that is owned by two or more people11Partnership
45%
Piece of paper recording how much money you have earned7Payslip
31%

Score Distribution

Percentile by Number Answered

Percent of People with Each Score

Your Score History

You have not taken this quiz